000 01075nam0a2200313 4500
001 RU\NLR\BIBL_A\022714134
005 20260327134800.0
010 _a978-5-907910-95-9
_9100
021 _aRU
_bКН-П-25-075581
_9КН-П-25-7326
035 _a(NLR Aleph) 022714134
090 _a13647253
_c13647253
100 _a20260130d2024 u y0rusy50 ca
101 0 _arus
102 _aRU
105 _aa|||z|||000yy
181 0 _ai3
_baxxe
182 0 _an
200 1 _aСахарный диабет и его осложнения
_fЕ. А. Кулиш
203 _aТекст
_bвизуальный
_cнепосредственный
210 _aКазань
_cБук
_d2024
215 _a37 с.
_cил., табл.
_d21
320 _aБиблиогр.: с. 35-37 (21 назв.)
606 1 _aСахарный диабет
_2nlr_sh1
_2nlr_sh2
_3RU\NLR\AUTH\6619988
686 1 _aР415.160.23
700 1 _aКулиш
_bЕ. А.
_gЕлена Константиновна
942 _cBOOK
980 _aNB